000 00684cam a2200229 4500
008 090401t1988 xxu||||| |||| 00| 0 eng d
020 _a0333463250
035 _a(Sirsi) u20816
041 _aeng
050 _a692.8
100 _aFellows, R.F.
245 _a1980 J.C.T. Standard Form of Building Contract: a commentary for students and practitioners.
250 _a2nd ed.
260 _aBasingstoke
_bMacMillan
_c1988
300 _axii,228p. ; 24cm.
350 _a11.99
650 _aBUILT ENVIRONMENT-BUILDING CONTRACT FORMS
650 _aJCT STANDARD FORM OF CONTRACT 1980
690 _aBUILT ENVIRONMENT-BUILDING CONTRACT FORMS
942 _n0
948 _c04/03/1997
999 _c87880
_d87880